00493nmm a2200157Ia 4500008004100000020001800041041000800059100003600067245005000103264006600153300001800219650002300237856005100260942000700311999001700318251105s9999||||xx |||||||||||||||||und|| a9788490648889 aspa aLeón Medina, Francisco José 0aKarl Marx. Entre la ciencia y la revolución a[Madrid, España] :bUniversitat Oberta de Catalunya, c2011 a112 páginas aPhilosophy, Ethics uhttps://public.digitaliapublishing.com/a/30663 cCF c87770d87770